000 00746nam a2200229 a 4500
001 57688
003 BD-RjUL
005 20211209080537.0
008 161211s1978 nyua b 001 0 eng d
020 _a0195023943
035 _a(BD-RjUL)57812
040 _aDLC
_cDLC
_dEQO
_dBD-RjUL
_beng
041 _aeng
082 _a302
_223
_bPES 1978
100 1 _aPenner, Louis A.
_9171319
245 1 0 _aSocial psychology :
_ba contemporary approach /
_cLouis A. Penner ; in collaboration with Stephen L. Cohen and Beth C. Stearns
260 _aNew York :
_bOxford University Press,
_c1978.
300 _axi, 388 p. :
_bill. ;
_c24 cm.
504 _aIncludes index and bibliographical references
650 0 _aSocial psychology
_9170365
942 _2ddc
_cBK
999 _c57688
_d57688